Actor Anagrams #2 - Statistics

General Stats
  • This quiz has been taken 6 times
  • The average score is 5 of 10
Answer Stats
Hint Answer % Correct
coal PAin Al Pacino
80%
By single Ken Ben Kingsley
60%
ePic Jose Joe Pesci
60%
meDia felloW Willem Dafoe
60%
riCh in loFt Colin Firth
40%
my BullEtin Emily Blunt
40%
iNsane moLe Liam Neeson
40%
old man HolT Tom Holland
40%
Pull it loWer Will Poulter
40%
onCe vaSt ego Steve Coogan
20%
No matching quizzes found
Score Distribution
Percent of People with Each Score
Percentile by Number Answered
Your Score History
You have not taken this quiz